College Algebra And Trigonometry (Record no. 3737)

MARC details
005 - DATE AND TIME OF LATEST TRANSACTION
control field 20250611113719.0
020 ## - INTERNATIONAL STANDARD BOOK NUMBER
International Standard Book Number 0-534-04209-0
082 ## - DEWEY DECIMAL CLASSIFICATION NUMBER
Classification number 512.13WEB
100 ## - MAIN ENTRY--PERSONAL NAME
Author name Webber P. Robert
245 ## - TITLE STATEMENT
Title College Algebra And Trigonometry
260 ## - PUBLICATION, DISTRIBUTION, ETC.
Place of publication, distribution, etc. New york
Name of publisher, distributor, etc. Cole Publishing Company
Date of publication, distribution, etc. 1985
300 ## - PHYSICAL DESCRIPTION
Extent xiii, 607p ill, table,diagram
Other physical details Appendix, Index
Dimensions 25cm
700 ## - ADDED ENTRY--PERSONAL NAME
Other authors/Editors Barth Craig, Morse Amy
942 ## - ADDED ENTRY ELEMENTS (KOHA)
Source of classification or shelving scheme Dewey Decimal Classification
Koha item type Books

No items available.